| 000 | 00851nam a2200265 i 4500 | ||
|---|---|---|---|
| 001 | bg | ||
| 245 | 0 | 0 |
_aPodręczny słownik niemiecko-polski, polsko-niemiecki : _b55000 haseł i zwrotów / _c[zespół aut. Urszula Czerska et al.]. |
| 250 | _aWyd. 2. | ||
| 260 |
_aPoznań : _b"LektorKlett", _c2002. |
||
| 300 |
_aXVIII, 502 s. ; _c17 cm. |
||
| 490 | 1 | _aPons | |
| 500 | _aNa okł.: Kommunikation. | ||
| 650 | 9 | _aSłownik niemiecko-polski | |
| 650 | 9 | _aSłownik polsko-niemiecki | |
| 700 | 1 | _aCZERSKA, Urszula | |
| 830 | _aPons | ||
| 020 | _a8388507877 | ||
| 040 | _cBPK | ||
| 041 | 0 | _agerpol | |
| 080 | _a811.112.2:811.162.1]'374 | ||
| 920 | _a83-88507-87-7 | ||
| 942 | _cKS | ||
| 008 | s pl f |000 0 pol | ||
| 999 |
_c45850 _d45850 |
||